LEADER 01163nam--2200385---450- 001 990006114340203316 005 20160120151719.0 010 $a978-88-6105-185-0 035 $a000611434 035 $aUSA01000611434 035 $a(ALEPH)000611434USA01 035 $a000611434 100 $a20160120d2014----km-y0itay50------ba 101 $aita 102 $aIT 105 $a||||||||001yy 200 1 $aNatura e capitalismo$eun conflitto da evitare$fa cura di Pierluigi Ciocca e Ignazio Musu$g[con saggi di Pierluigi Ciocca et al.] 205 $a2. ed 210 $aRoma$cLUISS University Press$d2014 215 $a178 p.$d21 cm 410 0$12001 454 1$12001 461 1$1001-------$12001 606 0 $aSviluppo sostenibile$xEffetti [del] Capitalismo 676 $a338.927$cSPECIFICHE POLITICHE ECONOMICHE. TECNOLOGIA APPROPRIATA$v23 702 1$aMusu$bIgnazio 702 $aCiocca$bPierluigi 801 0$aIT$bsalbc$gISBD 912 $a990006114340203316 951 $aP13/1215$b18 DISA 959 $aBK 969 $aDISTRA 979 $aGILIBERTI$b10$c20160120$lUSA01$h1517 996 $aNatura e capitalismo$91384279 997 $aUNISA LEADER 01180nam2-2200373---450- 001 990003187980203316 005 20090115083903.0 010 $a978-3-540-92147-9 035 $a000318798 035 $aUSA01000318798 035 $a(ALEPH)000318798USA01 035 $a000318798 100 $a20090115d2008----km-y0itay0103----ba 101 0 $aeng 102 $aDE 105 $aa|||||||001yy 200 1 $aJournal on data semantics XI$fStefano Spaccapietra (Ed.) 210 $aBerlin [etc.]$cSpringer$dcopyr. 2008 215 $aXIV, 234 p.$cill.$d24 cm 225 2 $aLecture notes in computer science$iJournal subline$v5383 410 0$12001$aLecture notes in computer science 461 1$1001000314960$12001$aLecture notes in computer science 610 0 $aLinguaggi di programmazione$xSemantica 676 $a006.35 702 1$aSPACCAPIETRA,$bStefano 801 0$aITA$bsalbc$gISBD 912 $a990003187980203316 951 $a001 LNCS 5383$b37801/CBS$c001$d00218035 959 $aBK 969 $aSCI 979 $aCBAS$b10$c20090115$lUSA01$h0838 979 $aCBAS$b10$c20090115$lUSA01$h0839 996 $aJournal on Data Semantics XI$9774111 997 $aUNISA